| 000 | 00393nam a2200133Ia 4500 | ||
|---|---|---|---|
| 008 | 220217s9999||||xx |||||||||||||| ||und|| | ||
| 082 | _a004.165 CHH | ||
| 100 |
_aChhabra, Bhupendra Chhabra, Amrit _91205 |
||
| 245 | 0 | _a8085 Microprocessor and its applications | |
| 250 | _a1st | ||
| 260 |
_aDhanpat rai publishing company _bNew Delhi _c1999 |
||
| 300 | _b140 | ||
| 650 | _aMICROPROCESSOR | ||
| 999 |
_c166012 _d166012 |
||